[Event "Leiden op-A 13th"]
[Site "Leiden"]
[Date "2019.07.14"]
[Round "3"]
[White "Gieben, Stijn"]
[Black "Jansen, Norbert"]
[Result "0-1"]
[WhiteElo "2149"]
[BlackElo "2042"]
[PlyCount "90"]
[EventDate "2019.07.12"]
[EventType "swiss"]
[EventRounds "9"]
[EventCountry "NED"]
[SourceTitle "EXT 2020"]
[Source "ChessBase"]
[SourceDate "2019.10.17"]
[SourceVersion "1"]
[SourceVersionDate "2019.10.17"]
[SourceQuality "1"]

1. e4 d6 2. d4 Nf6 3. Nc3 Nbd7 4. Be3 e5 5. f3 c6 6. a4 Be7 7. a5 Qc7 8. Bc4 Nf8 9. Nge2 Ng6 10. 0-0 0-0 11. Ba2 Kh8 12. Qd2 Be6 13. Rfc1 Bxa2 14. Rxa2 b5 15. axb6 axb6 16. Rxa8 Rxa8 17. d5 c5 18. Nb5 Qd7 19. Qd3 Nh5 20. g3 Ra5 21. Na3 b5 22. Nc3 b4 23. Nc4 Ra7 24. Nb1 Qh3 25. Qf1 Qxf1+ 26. Rxf1 Ra1 27. f4 exf4 28. gxf4 Nhxf4 29. Bxf4 Nxf4 30. Rxf4 Rxb1+ 31. Kg2 f6 32. Rf2 Rd1 33. Kf3 g6 34. b3 Kg7 35. Ke2 Ra1 36. Kf3 Rd1 37. Ke2 Rd4 38. Kf3 f5 39. Re2 fxe4+ 40. Rxe4 Rxe4 41. Kxe4 Kh6 42. Kf4 Kh5 43. Kg3 Kg5 44. Ne3 Bf6 45. Nc4 Be5+ 0-1

[Event "Amsterdam Science Park op-A"]
[Site "Amsterdam"]
[Date "2018.07.07"]
[Round "1"]
[White "Jansen, Norbert"]
[Black "Riemersma, Liafbern"]
[Result "0-1"]
[WhiteElo "2074"]
[BlackElo "2458"]
[PlyCount "86"]
[EventDate "2018.07.07"]
[EventType "swiss"]
[EventRounds "9"]
[EventCountry "NED"]
[SourceTitle "CBM 185 Extra"]
[Source "ChessBase"]
[SourceDate "2018.07.29"]
[SourceVersion "1"]
[SourceVersionDate "2018.07.29"]
[SourceQuality "1"]

1. e4 e5 2. Nf3 Nc6 3. d4 exd4 4. c3 Nf6 5. e5 Nd5 6. cxd4 d6 7. Bb5 Be7 8. Nc3 Nxc3 9. bxc3 0-0 10. 0-0 Bg4 11. h3 Bh5 12. Bf4 dxe5 13. dxe5 Bc5 14. Qxd8 Raxd8 15. Rad1 Ne7 16. Bc4 c6 17. g4 Bg6 18. Nd4 Nd5 19. Bd2 Rfe8 20. f4 Bc2 21. Rc1 Be4 22. Rfe1 Nxc3 23. Bxc3 Bxd4+ 24. Bxd4 Rxd4 25. Kf2 Bd5 26. Bxd5 Rxd5 27. Red1 Red8 28. Rxd5 Rxd5 29. Ke3 Kf8 30. Ke4 Ra5 31. Rc2 Ke7 32. h4 Ra4+ 33. Kf3 g6 34. h5 gxh5 35. gxh5 Ra3+ 36. Kg4 h6 37. Rb2 b5 38. Rd2 b4 39. Rd6 Rxa2 40. Rxh6 Rc2 41. Rh8 a5 42. Ra8 b3 43. Rxa5 Ra2 0-1

[Event "Heraklion op 17th"]
[Site "Heraklion"]
[Date "2016.05.09"]
[Round "9"]
[White "Mardoyan Ararat, T Artur"]
[Black "Jansen, Norbert"]
[Result "0-1"]
[WhiteElo "1477"]
[BlackElo "2088"]
[PlyCount "142"]
[EventDate "2016.05.02"]
[EventType "swiss"]
[EventRounds "9"]
[EventCountry "GRE"]
[SourceTitle "CBM 172 Extra"]
[Source "ChessBase"]
[SourceDate "2016.06.21"]
[SourceVersion "1"]
[SourceVersionDate "2016.06.21"]
[SourceQuality "1"]

1. d4 Nf6 2. Nf3 g6 3. c4 Bg7 4. Nc3 d5 5. e3 0-0 6. Be2 dxc4 7. 0-0 c5 8. dxc5 Qa5 9. Qd4 Nfd7 10. Qxc4 Qxc5 11. Nd5 Nc6 12. Qxc5 Nxc5 13. Rd1 e6 14. Nc7 Rb8 15. Nb5 e5 16. Nd6 Be6 17. Ng5 Rfd8 18. Nxe6 Nxe6 19. b3 Ned4 20. Bc4 Rxd6 21. exd4 exd4 22. Ba3 Rd7 23. Bb5 Rc8 24. Rac1 a6 25. Bxc6 Rxc6 26. Rxc6 bxc6 27. Rd3 f5 28. Kf1 Kf7 29. f3 Ke6 30. Ke2 Kd5 31. Rd2 c5 32. Rc2 Bf8 33. Kd3 Bd6 34. g3 a5 35. Rc4 Ra7 36. Ra4 Bc7 37. Bc1 Bb6 38. Bd2 Ra6 39. Bc1 Ra7 40. Bd2 Ra8 41. Bc1 Bd8 42. Bd2 Ra7 43. Bc1 Kc6 44. Bd2 Kb5 45. Bc1 Re7 46. Bd2 Re6 47. Rc4 g5 48. Rc2 h5 49. Rc1 Be7 50. a4+ Kb6 51. Re1 Rxe1 52. Bxe1 Bd6 53. Bd2 f4 54. Be1 fxg3 55. hxg3 Kc6 56. Ke4 Bc7 57. f4 gxf4 58. gxf4 Bd8 59. f5 Kd6 60. Bg3+ Kd7 61. Be1 h4 62. Bd2 h3 63. Bf4 Bg5 64. Bh2 Ke7 65. Kd3 Be3 66. Ke4 Kf6 67. Bd6 Bg1 68. Be5+ Kf7 69. Kf3 h2 70. Kg2 d3 71. Bc3 Be3 0-1

[Event "Heraklion op 17th"]
[Site "Heraklion"]
[Date "2016.05.08"]
[Round "8"]
[White "Jansen, Norbert"]
[Black "Ristic, Nenad"]
[Result "0-1"]
[WhiteElo "2088"]
[BlackElo "2426"]
[PlyCount "52"]
[EventDate "2016.05.02"]
[EventType "swiss"]
[EventRounds "9"]
[EventCountry "GRE"]
[SourceTitle "CBM 172 Extra"]
[Source "ChessBase"]
[SourceDate "2016.06.21"]
[SourceVersion "1"]
[SourceVersionDate "2016.06.21"]
[SourceQuality "1"]

1. e4 c5 2. Nf3 Nc6 3. d4 cxd4 4. Nxd4 g6 5. c4 Bg7 6. Nc2 d6 7. Be2 Be6 8. 0-0 Rc8 9. Ne3 Nd4 10. Nd5 b5 11. Be3 Nxe2+ 12. Qxe2 bxc4 13. Nbc3 Nf6 14. Bxa7 0-0 15. Rfd1 Nd7 16. Bd4 Ne5 17. f4 Bg4 18. Qf1 Bxd1 19. fxe5 Bc2 20. a4 dxe5 21. Bb6 Qd6 22. Nb5 Qd7 23. Na7 Bxe4 24. Nxc8 Bxd5 25. Na7 Ra8 26. Nb5 Rxa4 0-1

[Event "Leiden SB-ch"]
[Site "Leiden"]
[Date "2009.06.30"]
[Round "7"]
[White "Mourits, Wilbert"]
[Black "Jansen, Norbert"]
[Result "1/2-1/2"]
[WhiteElo "2023"]
[BlackElo "2124"]
[PlyCount "64"]
[EventDate "2009.05.19"]
[EventType "swiss"]
[EventRounds "7"]
[EventCountry "NED"]
[SourceTitle "EXT 2012"]
[Source "ChessBase"]
[SourceDate "2011.11.24"]
[SourceVersion "1"]
[SourceVersionDate "2011.11.24"]
[SourceQuality "1"]

1. Nf3 Nf6 2. c4 g6 3. Nc3 d5 4. cxd5 Nxd5 5. e4 Nxc3 6. bxc3 Bg7 7. d4 c5 8. Be3 Qa5 9. Qd2 cxd4 10. cxd4 Qxd2+ 11. Kxd2 0-0 12. Rb1 b6 13. Bc4 Bb7 14. d5 Rd8 15. Ke2 Nd7 16. Nd4 Rac8 17. Rhc1 Nc5 18. f3 e6 19. Nb5 exd5 20. Nxa7 dxc4 21. Nxc8 Bxc8 22. Rxb6 Nd7 23. Rd1 Re8 24. Rbd6 f5 25. Rxd7 Bxd7 26. Rxd7 fxe4 27. fxe4 Rxe4 28. Kd2 Re8 29. Rc7 Ra8 30. Rxc4 Rxa2+ 31. Rc2 Rxc2+ 32. Kxc2 h5 1/2-1/2

[Event "Leiden SB-ch"]
[Site "Leiden"]
[Date "2009.05.26"]
[Round "2"]
[White "Jansen, Norbert"]
[Black "De Mooij, Marco"]
[Result "1/2-1/2"]
[WhiteElo "2124"]
[BlackElo "1902"]
[PlyCount "118"]
[EventDate "2009.05.19"]
[EventType "swiss"]
[EventRounds "7"]
[EventCountry "NED"]
[SourceTitle "EXT 2012"]
[Source "ChessBase"]
[SourceDate "2011.11.24"]
[SourceVersion "1"]
[SourceVersionDate "2011.11.24"]
[SourceQuality "1"]

1. e4 c5 2. Nf3 d6 3. d4 cxd4 4. Nxd4 Nf6 5. Nc3 a6 6. Be2 e5 7. Nb3 Be7 8. Be3 Be6 9. 0-0 Nbd7 10. f4 exf4 11. Rxf4 Ne5 12. Nd4 0-0 13. Nf5 Ng6 14. Rf1 Re8 15. Bd4 Ne5 16. Qd2 Bf8 17. Qg5 Qc7 18. Rad1 Rad8 19. Kh1 Kh8 20. Bd3 Nc6 21. Bxf6 gxf6 22. Qxf6+ Kg8 23. Nd5 Bxd5 24. exd5 Ne5 25. Rf4 Rd7 26. Rh4 Ng6 27. Rc4 Qa5 28. Re4 Rxe4 29. Bxe4 Qd8 30. Qxd8 Rxd8 31. Kg1 Re8 32. Bf3 Re5 33. g4 Nf4 34. Kf2 h5 35. Kg3 hxg4 36. Bxg4 Nxd5 37. c4 Nf6 38. Nd4 Nxg4 39. Kxg4 Re4+ 40. Kf5 Re5+ 41. Kf4 Bh6+ 42. Kf3 Re3+ 43. Kf2 Bf4 44. Nf5 Rh3 45. b4 Rxh2+ 46. Kf3 Be5 47. Nxd6 Rxa2 48. Nxb7 Bc3 49. b5 axb5 50. cxb5 Rb2 51. Rd5 Rb4 52. Na5 Kf8 53. Nc6 Rb3 54. Ke4 f6 55. Kf5 Kf7 56. Rd7+ Ke8 57. Ke6 Ba5 58. Rb7 Re3+ 59. Kxf6 Be1 1/2-1/2